000 00790nam a2200205Ia 4500
003 GCL
005 20240530105040.0
008 140319s9999 xx 000 0 ara d
040 _aGCL /
_cGCL
082 0 4 _a349.2
_bر ت
100 1 _aحلمى الدقدوقى
245 1 0 _aرقابة القضاء على المشروعية الداخلية لاعمال الظبط الادارى : دراسة مقارنة فرنسا ومصر ومبادى الشريعة الاسلامية /
_cحلمى الدقدوقى
260 _a[S.N] :
_bدار المطبوعات الجامعية ،
_c1989
300 _a711 ص
650 0 4 _aالقانون
650 0 4 _aالقانون الادارى
650 0 4 _aالقانون المقارن
650 0 4 _aالقضاء الاداري
942 _2ddc
_cBK
999 _c52758
_d52758